Κατάλογος Βιβλιοθηκών Mediterranean College

Information Management / The Organizational Dimension (Record no. 1015)

MARC details
000 -LEADER
fixed length control field 01629cam a22001934a 4500
005 - ΗΜΕΡΟΜΗΝΙΑ ΚΑΙ ΩΡΑ ΤΕΛΕΥΤΑΙΑΣ ΕΝΗΜΕΡΩΣΗΣ
Πεδίο ελέγχου 20250605163955.0
008 - FIXED-LENGTH DATA ELEMENTS--GENERAL INFORMATION
Πεδίο ελέγχου σταθερού μήκους 250528s ||||||||||||||||||||||||d
035 ## - SYSTEM CONTROL NUMBER
System control number 15435
020 ## - ISBN
ISBN 198294522
040 ## - ΠΗΓΗ ΚΑΤΑΛΟΓΟΓΡΑΦΗΣΗΣ
Φορέας πρωτότυπης καταλογογράφησης MC Athens Campus Library
Γλώσσα καταλογογράφησης Ελληνικά, Μοντέρνα (1453-)
Modifying agency MC Athens Campus Library
Κανόνες περιγραφικής καταλογογράφησης AACR2
245 1# - ΤΙΤΛΟΣ ΚΑΙ ΔΗΛΩΣΗ ΥΠΕΥΘΥΝΟΤΗΤΑΣ
Τίτλος Information Management / The Organizational Dimension
260 ## - PUBLICATION, DISTRIBUTION, ETC.
Name of publisher, distributor, etc. Oxford University Press,
Date of publication, distribution, etc. 1998
300 ## - PHYSICAL DESCRIPTION
Extent 518
520 ## - SUMMARY, ETC.
Summary, etc. This book provides an authoritative overview and helpful diagnostics of current information management challenges by some of the leading information systems researchers in Europe and the USA. Organizational Horizons, Groupware in Decision Support, Knowledge Strategies: Propositions from Two Contrasting Industries, Business Process Reengineering: A Phenomenon of Organization, Information Systems in Global Business: Evidence from European Multinationals, Mobilizing the Organization, Strategic Information Systems: Some Organization Design Considerations, Innovating with Information Technology, An Organizational Approach to IS Strategy-Making, Organizing the IS Function, Configuring the IS Function in Complex Organizations, The Role of Corporate IT Function in the Federal IT Organization, Mergers: The Role of Information Technology, Managing IT Projects, IT and Organizational Change, The Project Champion, The Project Sponsor, Contemporary Issues in IS Organization, The Changing Environment for IS Professionals: Human Resource Implications, The Hybrid Manager, The Chief Information Officer: Past and Present and Future, Index.
700 1# - ΠΡΟΣΘΕΤΗ ΑΝΑΓΡΑΦΗ--ΦΥΣΙΚΟ ΠΡΟΣΩΠΟ
Personal name Earl Michael J
9 (RLIN) 1053
942 ## - ADDED ENTRY ELEMENTS (KOHA)
Koha item type Books
Holdings
Τύπος τεκμηρίου Βιβλιοθήκη Τρέχουσα τοποθεσία Barcode Αριθμός εισαγωγής Ημερομηνία απόκτησης Ταξιθετικό σύμβολο Αριθμός αντιτύπου Κατάσταση απόσυρσης Κατάσταση χαμένου Κατάσταση κατεστραμμένου Μη δανεισμός Σύνολο δανεισμών Ημερομηνία τελευταίας εμφάνισης Η τιμή ισχύει από
Books MC Athens Campus Library MC Athens Campus Library 9780000010148 1776 05/06/2025 658.4/038 EAR 1           05/06/2025 05/06/2025

MC Athens Campus Library
Πατησίων 94 & Κοδριγκτώνος 13, 104 34
Πελλήνης 8 & Πατησίων 107, 112 51
Τ: +30 210 8899600

MC Thessaloniki Campus Library
Ίωνος Δραγούμη 21, 54625 | Ίωνος Δραγούμη 15, 54625
Τ: +30 2310 287779 – Τ: +30 2314 440300